| 000 | 00538nam a2200181Ia 4500 | ||
|---|---|---|---|
| 003 | GCL | ||
| 008 | 140319s9999 xx 000 0 ara d | ||
| 040 |
_aGCL / _cGCL |
||
| 082 | 0 | 4 |
_aط _b649.5 _bع أ |
| 100 | 1 | _aعدلى رزق الله | |
| 245 | 1 | 0 |
_aالعب: العب: العب وتعلم / _cعدلى رزق الله |
| 490 |
_aالهيئة العامة للاستعلامات _v0 |
||
| 650 | 0 | 4 | _aالاطفال |
| 650 | 0 | 4 | _aالتسالى |
| 650 | 0 | 4 | _aالعاب الاطفال |
| 650 | 0 | 4 | _aالطرفية |
| 942 |
_2ddc _cBK |
||
| 999 |
_c51408 _d51408 |
||